000 01033cam a22002771i 4500
003 SA-RiAUC
005 20250617055551.0
008 250616s2003 le g 000 f ara c
040 _aSA-JeALM
_bara
_cSA-RiAUC
_erda
043 _aa-su---
050 4 _bS53 2003
082 0 4 _a813.03
_qSA-RiAUC
090 _a813.03
_b ح م د
100 1 _aالحمد، تركي حمد تركي،
_d1372 هجري-
_eمؤلف.
245 1 0 _aالشميسي: أطياف الأزقة المهجورة/
_cتركي الحمد.
246 _aأطياف الأزقة المهجورة
264 1 _aبيروت :
_bدار الساقي،
_c1997
300 _a255 صفحة ؛
_c22 سم.
336 _aنص
_btxt
_2rdacontent
_3كتاب
337 _aبدون وسيط
_bn
_2rdamedia
338 _aمجلد
_bnc
_2rdacarrier
650 7 _aالقصص العربية
_zالسعودية
_yقرن 14 هجري
_2aucsh
651 7 _aالشميسي (السعودية)
_vقصص
_2aucsh
942 _2ddc
_cBOOK
_n0
949 _aSA-JeALM
_d250616
_uosman123
_n1
999 _c9051
_d9051